000 00976cam a22002411ia4500
003 SA-RiAUC
005 20241009155149.0
008 241009s1999 xx g 000 0 ara c
040 _aSA-RiIMS
_bara
_cSA-RiAUC
_erda
082 0 4 _a414
_qSA-RiAUC
090 _a414
_b ش ن ق
100 1 _aالشنقيطي، عبد الله بن إبراهيم العلوي،
_d1150-1235 هجري
_eمؤلف.
245 1 0 _aفيض الفتاح على نور الأقاح /
_cعبد الله بن الحاج إبراهيم العلوي الشنقيطي.
250 _aالطبعة الثانية.
264 1 _a[مكان النشر غير محدد] :
_b[الناشر غير محدد]،
_c1999
300 _a2 مجلد ؛
_c24 سم
336 _aنص
_btxt
_2rdacontent
_3كتاب
337 _aبدون وسيط
_bn
_2rdamedia
338 _aمجلد
_bnc
_2rdacarrier
650 7 _aالبلاغة العربية
_2aucsh
942 _2ddc
_cBOOK
_n0
949 _aSA-JeALM
_d241009
_umohamedma123
_n1
999 _c1097
_d1097